| 000 | 00643cam a2200193 i 4500 | ||
|---|---|---|---|
| 020 | _a012435050X | ||
| 040 | _cDLC | ||
| 082 | 0 | 0 | _a630 ACA 1977 A055 Or. |
| 245 | 1 | 0 |
_aEnvironmental effects on crop physiology : _bproceedings of a symposium held at Long Ashton Research Station, University of Bristol, 13-16 April 1975 / |
| 260 |
_aLondon ; _aNew York : _bAcademic Press, _c1977. |
||
| 300 |
_axvi, 388 p. : _bill. ; _c24 cm. |
||
| 500 | _aAt head of title: Fifth Long Ashton Symposium 1975. | ||
| 650 | 0 | _aCrops and climate | |
| 650 | 0 | _aCrops | |
| 650 | 0 | _aCrops | |
| 700 | 1 | _aLandsberg, J. J. | |
| 700 | 1 | _aCutting, C. V. | |
| 942 | _cEK | ||
| 999 |
_c15142 _d15142 |
||